Семь зверей райлега
| Autor principal: | |
|---|---|
| Idioma: | rus |
| Publicat: |
Москва, Эксмо, 2007-
|
| Format: | MixedMaterials Llibre |
| KOHA link: | https://koha.lib.tpu.ru/cgi-bin/koha/opac-detail.pl?biblionumber=137564 |
MARC
| LEADER | 00000nam1a2200000 4500 | ||
|---|---|---|---|
| 001 | 137564 | ||
| 005 | 20231031141109.0 | ||
| 035 | |a (RuTPU)RU\TPU\book\149087 | ||
| 090 | |a 137564 | ||
| 100 | |a 20080514d m y0rusy50 ca | ||
| 101 | 0 | |a rus | |
| 102 | |a RU | ||
| 200 | 1 | |a Семь зверей райлега |f Н. Д. Перумов | |
| 210 | |a Москва |c Эксмо |d 2007- | ||
| 700 | 1 | |a Перумов |b Н. Д. |g Николай Даниилович | |
| 801 | 1 | |a RU |b 63413507 |c 20080514 |g PSBO | |
| 801 | 2 | |a RU |b 63413507 |c 20080514 |g PSBO | |
| 942 | |c BK | ||